000 00366nam a2200157Ia 4500
008 230917s9999||||xx |||||||||||||| ||und||
020 _cRS40
040 _e144034
_aMAIN
041 _aEnglish
082 _a942 C245H
100 _aCarter, E H
245 0 _aHistory of Britain
260 _aDelhi
_bSurjeet Publications
_c1978
300 _a1116 p.
942 _cBK
999 _c185170
_d185170